000 00699nam a2200229Ia 4500
003 OSt
005 20220926030145.0
006 a|||||r|||| 00| 0
007 ta
008 220923b |||||||| |||| 00| 0 eng d
037 _cGeneral Book
040 _aRTL
_cRTL
_beng
041 _2eng
_aeng
082 _aX.273.M33<--L93, M0
100 _aSingh Upendra Narayan
_9138394
245 0 _aSome aspects of rural life in Bihar
_b An economic study, 1793-1833
260 _aPatna
_bJanaki Prakashan
_c1980
300 _axv,304p.
_ccm.
500 _aBibliography: P 287-91
942 _hX.273.M33<--L93, M0
_cGB
_2CC
999 _c648776
_d648776